Beginilah tjara beristeri. (Record no. 84165)

MARC details
000 -LEADER
fixed length control field 00558cam a22002171 4500
001 - CONTROL NUMBER
control field sa 68011873
003 - CONTROL NUMBER IDENTIFIER
control field DLC
005 - DATE AND TIME OF LATEST TRANSACTION
control field 20260227112605.0
008 - FIXED-LENGTH DATA ELEMENTS--GENERAL INFORMATION
fixed length control field 890514r1966uuuuio 000 0 dut
010 ## - LIBRARY OF CONGRESS CONTROL NUMBER
LC control number sa 68011873
035 ## - SYSTEM CONTROL NUMBER
System control number (OCoLC)23397045
040 ## - CATALOGING SOURCE
Original cataloging agency DLC
Transcribing agency MiU
Modifying agency DLC
042 ## - AUTHENTICATION CODE
Authentication code premarc
050 00 - LIBRARY OF CONGRESS CALL NUMBER
Classification number BP188.3.M3
Item number H3 1966
100 1# - MAIN ENTRY--PERSONAL NAME
Personal name Hassan, ʻAbbas.
245 10 - TITLE STATEMENT
Title Beginilah tjara beristeri.
250 ## - EDITION STATEMENT
Edition statement [Tjet 2.]
260 ## - PUBLICATION, DISTRIBUTION, ETC.
Place of publication, distribution, etc. Djakarta,
Name of publisher, distributor, etc. Bakti Pustaka
Date of publication, distribution, etc. [1966]
300 ## - PHYSICAL DESCRIPTION
Extent 117 p.
Dimensions 18 cm.
650 #0 - SUBJECT ADDED ENTRY--TOPICAL TERM
Topical term or geographic name entry element Married people
General subdivision Religious life

No items available.

Powered by Koha